الاقتصاد المصري في ثلاثين عاما : (Record no. 16119)
[ view plain ]
| 000 -الفاتح | |
|---|---|
| حقل البيانات ثابتة الطول | 01627nam a22002177a 4500 |
| 008 - عناصر البيانات ثابتة الطول - معلومات عامة | |
| حقل البيانات ثابتة الطول | 111010s2007 ua|||||r|||| 000 0 ara d |
| 082 ## - رقم تصنيف ديوى العشرى | |
| رقم الطبعة | 22 |
| رقم التصنيف | 330.962 |
| رقم المادة | ع ي س |
| 100 ## - المدخل الرئيسى - إسم شخصى | |
| 9 (RLIN) | 27447 |
| الإسم الشخصى | العيسوي ، إبراهيم |
| 245 ## - بيان العنوان | |
| العنوان | الاقتصاد المصري في ثلاثين عاما : |
| بقية العنوان | تحليل التطورات الاقتصادية الكلية منذ عام 1974 وبيان تداعياتها الاجتماعية، مع تصور لنموذج تنموي بديل / |
| بيان المسئوليه,etc | إبراهيم العيسوي |
| 260 ## - PUBLICATION, DISTRIBUTION, ETC. (IMPRINT) | |
| مكان الناشر او الموزع | القاهرة : |
| اسم الناشر او الموزع | المكتبة الأكاديمية، 2007 |
| تاريخ النشر أو التوزيع | 2007 |
| 300 ## - الوصف المادى | |
| التعداد | 873 ص ؛ |
| أبعاد الوعاء | 24 سم |
| 490 ## - بيان السلسلة | |
| -- | 27448 |
| عنوان السلسلة | مشروع مصر 2020 |
| -- | ؛ مكتبة مصر 2020 |
| رقم المجلد/ التعيين التسلسلي | 23 |
| 504 ## - تبصرة ببليوجرافية | |
| تبصرة ببليوجرافية,الخ | يشتمل على إرجاعات ببليوجرافية ص 855-871 وملاحق |
| 651 ## - المدخل الاضافى بالموضوع - اسم جغرافى | |
| 9 (RLIN) | 13709 |
| الاسم الجغرافي | مصر |
| التقسيم الفرعي العام | الأحوال الاقتصادية |
| 653 ## - مصطلح تكشيفى غير مقيد | |
| Resource For college | |
| Arrived date list | October2011 |
| 942 ## - عناصر المدخل الإضافي( كوها) | |
| مصدر التصنيف او مخطط الترفيف | Dewey Decimal Classification |
| Koha [default] item type | Book - Borrowing |
| حالة التراجع | حالة الفقد | مصدر التصنيف او خطة الترفيف | حالة تلف | ليس للاعارة | مجموعات كوها | المكان الدائم | المكان الحالي | موقع الترفيف | تاريخ الاكتساب | Source of acquisition | رقم الاستدعاء | الباركود | Date last seen | مُعار | نوع الوعاء |
|---|---|---|---|---|---|---|---|---|---|---|---|---|---|---|---|
| Dewey Decimal Classification | Academic Bookshop | Central Library | Central Library | First floor | 10/10/2011 | 330.962 ع ي س | 000025246 | 15/07/2025 | 20/02/2013 | Book - Borrowing | |||||
| Dewey Decimal Classification | Academic Bookshop | Central Library | Central Library | First floor | 10/10/2011 | 330.962 ع ي س | 000025247 | 15/07/2025 | 07/05/2019 | Book - Borrowing | |||||
| Dewey Decimal Classification | Academic Bookshop | Central Library | Central Library | First floor | 10/10/2011 | 330.962 ع ي س | 000025248 | 15/07/2025 | 10/04/2018 | Book - Borrowing | |||||
| Dewey Decimal Classification | Donation-Gift | Central Library | Central Library | First floor | 28/05/2012 | Donation | 330.962 ع ي س | 000026785 | 15/07/2025 | Book - Borrowing |